Declaration of Independence: Common Words Quiz Stats

 Plays Quiz Updated Aug 23, 2012

Challenge
Share
Tweet
Embed
Score 0/30 Timer 06:00
2 Plays Today
Word % Correct
the
97.8%
a
93.7%
we
88.6%
in
78.2%
of
75.9%
people
72.1%
to
67.6%
and
63.3%
for
60.6%
be
57.4%
is
53.4%
are
49.9%
states
47.3%
it
46.5%
He
38.3%
Word % Correct
that
36.4%
our
34.9%
all
32.2%
us
31.7%
they
30.2%
these
30%
by
29.8%
have
28.6%
with
27.7%
has
25.1%
their
20.1%
them
20.1%
his
15.3%
which
12.7%
laws
6.4%

You're not logged in!

Compare scores with friends on all Sporcle quizzes.
Join for Free
OR
Log In

You Might Also Like...

Show Comments

Extras

Top Quizzes Today


Score Distribution

Your Account Isn't Verified!

In order to create a playlist on Sporcle, you need to verify the email address you used during registration. Go to your Sporcle Settings to finish the process.

Report this User

Report this user for behavior that violates our Community Guidelines.

Details: